000 00707nam a22002172 4500
001 0000021123
005 20151217152226.0
008 120112s xx 000 0 eng d
020 _a0761933778 :
040 _aKABU
_cKABU
100 1 _aPadaki, Vijay.
_@0000181811
245 1 0 _aManagement development in non-profit organizations :
_ba programme for governing boards /
_cVijay Padaki, Manjulika Vaz.
250 _a1st ed.
260 _aNew Delhi :
_bSage,
_c2005.
300 _a284 p.
650 0 _aNonprofit organizations
_xManagement.
_@0000158193
700 1 _aVaz, Manjulika.
_@0000181812
852 1 _9p1969.65 KES
908 _a120112
950 _@1
999 _c9555
_d9555